Planos de la ciudad de México, siglos XVI y XVII (Record no. 3597)

MARC details
000 -CABECERA
campo de control de longitud fija 00895nam a2200241 a 4500
001 - NÚMERO DE CONTROL
campo de control BRCA_3869
005 - FECHA Y HORA DE LA ÚLTIMA TRANSACCIÓN
campo de control 20190320204445.0
008 - DATOS DE LONGITUD FIJA--INFORMACIÓN GENERAL
campo de control de longitud fija 181209s1938----mx-a######---#000-0#spa-#
041 ## - CÓDIGO DE LENGUA
Código de lengua del texto/banda sonora o título independiente spa
044 ## - CÓDIGO DEL PAÍS DE LA ENTIDAD EDITORA/PRODUCTORA
Código MARC del país mx
050 #4 - SIGNATURA TOPOGRÁFICA DE LA BIBLIOTECA DEL CONGRESO
Número de clasificación F1386
Número de documento/Ítem .T68 1938
100 1# - ENTRADA PRINCIPAL--NOMBRE DE PERSONA
Nombre de persona Toussaint, Manuel,
Fechas asociadas al nombre 1895-1955
9 (RLIN) 10075
245 10 - MENCIÓN DE TÍTULO
Título Planos de la ciudad de México, siglos XVI y XVII
Resto del título estudio histórico, urbanístico y bibliográfico
Mención de responsabilidad, etc. Manuel Toussaint, Federico Gómez de Orozco y Justino Fernández.
260 ## - PUBLICACIÓN, DISTRIBUCIÓN, ETC.
Lugar de publicación, distribución, etc. México
Nombre del editor, distribuidor, etc. UNAM, Instituto de Investigaciones Estéticas
Fecha de publicación, distribución, etc. 1938
300 ## - DESCRIPCIÓN FÍSICA
Extensión 200 p.
Otras características físicas il., 28 mapas
Dimensiones 29 cm.
500 ## - NOTA GENERAL
Nota general Contribución al XVI Congreso International de Planificación y de la Habitación
500 ## - NOTA GENERAL
Nota general C28
651 #4 - PUNTO DE ACCESO ADICIONAL DE MATERIA--NOMBRE GEOGRÁFICO
Nombre geográfico México (Ciudad)
Subdivisión de forma Mapas
9 (RLIN) 10076
700 1# - PUNTO DE ACCESO ADICIONAL--NOMBRE DE PERSONA
Nombre de persona Fernández, Justino
9 (RLIN) 906
700 1# - PUNTO DE ACCESO ADICIONAL--NOMBRE DE PERSONA
Nombre de persona Gómez de Orozco, Federico
Término indicativo de función/relación coaut.
9 (RLIN) 3854
902 ## - CATALOGADOR
Iniciales GFM
942 ## - ELEMENTOS DE PUNTO DE ACCESO ADICIONAL (KOHA)
Fuente del sistema de clasificación o colocación Library of Congress Classification
Tipo de ítem Koha Libros
Holdings
Estado de retiro Estado de pérdida Estado dañado No para préstamo Localización permanente Ubicación/localización actual Fecha de adquisición Número de inventario Total de préstamos Signatura topográfica completa Código de barras Fecha visto por última vez Precio válido a partir de Tipo de ítem Koha
El ejemplar forma parte de la colección y puede ser consultado según las políticas vigentes.       Biblioteca del Museo Franz Mayer (Rogerio Casas-Alatriste) Biblioteca del Museo Franz Mayer (Rogerio Casas-Alatriste) 18/12/2009 C28   F1386 .T68 1938 (C28) 3866 22/03/2019 22/03/2019 Libros